Most Streamed Album on Spotify by Year - Statistics

General Stats
  • This quiz has been taken 40 times
  • The average score is 21 of 52
Answer Stats
Year Album Artist % Correct
2025 Debí Tirar Más Fotos Bad Bunny
89%
2016 Starboy The Weeknd
78%
1982 Thriller Michael Jackson
73%
2007 Graduation Kanye West
70%
2020 After Hours The Weeknd
70%
2011 21 Adele
62%
1976 Hotel California Eagles
62%
2021 Sour Olivia Rodrigo
62%
1973 The Dark Side Of The Moon Pink Floyd
62%
1997 OK Computer Radiohead
62%
2006 Back to Black Amy Winehouse
59%
2024 Hit Me Hard And Soft Billie Eilish
59%
1996 All Eyez on Me 2Pac
57%
2022 Un Verano Sin Ti Bad Bunny
57%
2014 Multiply Ed Sheeran
57%
1980 Back In Black AC/DC
54%
2017 Divide Ed Sheeran
54%
1991 Nevermind Nirvana
54%
2008 The Fame / The Fame Monster Lady Gaga
49%
1979 The Wall Pink Floyd
49%
2018 Beerbongs & Bentleys Post Malone
49%
1977 Rumours Fleetwood Mac
46%
1993 In Utero Nirvana
46%
2019 Hollywood's Bleeding Post Malone
43%
2005 Demon Days Gorillaz
41%
2001 Toxicity System of a Down
41%
2013 AM Arctic Monkeys
38%
1994 Ready to Die The Notorious B.I.G.
38%
1970 Paranoid Black Sabbath
35%
2010 Doo-Wops & Hooligans Bruno Mars
35%
2000 Hybrid Theory Linkin Park
35%
1986 Slippery When Wet Bon Jovi
32%
1987 Appetite For Destruction Guns N' Roses
32%
1995 (What's The Story) Morning Glory? Oasis
32%
1975 A Night At The Opera Queen
32%
2009 The E.N.D. Black Eyed Peas
30%
1999 2001 Dr. Dre
30%
2015 Purpose Justin Bieber
30%
2023 Mañana Será Bonito Karol G
30%
2012 Born To Die Lana Del Rey
30%
2003 Meteora Linkin Park
30%
2004 Hot Fuss The Killers
27%
1983 Synchronicity The Police
22%
1981 Escape Journey
16%
1978 Jazz Queen
16%
1985 Songs From The Big Chair Tears For Fears
16%
1990 The Razors Edge AC/DC
14%
1972 Honky Château Elton John
11%
1998 Dizzy Up The Girl The Goo Goo Dolls
11%
1974 Second Helping Lynyrd Skynyrd
8%
1984 Reckless Bryan Adams
5%
1989 Full Moon Fever Tom Petty
5%
No matching quizzes found
Score Distribution
Percent of People with Each Score
Percentile by Number Answered
Your Score History
You have not taken this quiz